[Event "Chigorin Memorial 27th"]
[Site "St Petersburg"]
[Date "2019.10.11"]
[Round "7"]
[White "Badalian, Tigran"]
[Black "Oleinik, Egor"]
[Result "1-0"]
[WhiteElo "1574"]
[BlackElo "1575"]
[PlyCount "67"]
[EventDate "2019.10.05"]
[EventType "swiss"]
[EventRounds "9"]
[EventCountry "RUS"]
[SourceTitle "EXT 2021"]
[Source "ChessBase"]
[SourceDate "2020.10.23"]
[SourceVersion "1"]
[SourceVersionDate "2020.10.23"]
[SourceQuality "1"]

1. Nf3 d5 2. d4 Nf6 3. c4 e6 4. Nc3 Be7 5. cxd5 exd5 6. Bg5 0-0 7. e3 Bf5 8. Bd3 Bg6 9. h4 Bxd3 10. Qxd3 Nbd7 11. Ne5 Rc8 12. Nxd7 Qxd7 13. Bxf6 Bxf6 14. h5 h6 15. Rc1 Rfe8 16. 0-0 c6 17. b4 a6 18. a4 Qg4 19. b5 axb5 20. axb5 Qxh5 21. Ra1 Qg4 22. Ra7 Qd7 23. Rb1 c5 24. dxc5 Rxc5 25. Na4 Rc7 26. Nb6 Qd6 27. Nxd5 Kh8 28. Qf5 Rc5 29. e4 b6 30. Rxf7 Re5 31. Qf3 Qe6 32. Rf8+ Kh7 33. Nxf6+ gxf6 34. Rxf6 1-0

[Event "Chigorin Memorial 27th"]
[Site "St Petersburg"]
[Date "2019.10.06"]
[Round "2"]
[White "Oleinik, Egor"]
[Black "Alekseev, Mikhail1111"]
[Result "0-1"]
[WhiteElo "1575"]
[BlackElo "1940"]
[PlyCount "74"]
[EventDate "2019.10.05"]
[EventType "swiss"]
[EventRounds "9"]
[EventCountry "RUS"]
[SourceTitle "EXT 2020"]
[Source "ChessBase"]
[SourceDate "2019.10.17"]
[SourceVersion "1"]
[SourceVersionDate "2019.10.17"]
[SourceQuality "1"]

1. e4 c6 2. Nc3 d5 3. Nf3 a6 4. d4 Bg4 5. Be3 e6 6. e5 c5 7. Be2 Ne7 8. 0-0 Bxf3 9. Bxf3 cxd4 10. Bxd4 Nf5 11. Ne2 Nc6 12. c3 Be7 13. Re1 0-0 14. Bg4 Nfxd4 15. cxd4 Qb6 16. Rb1 Rac8 17. a3 g6 18. Qd3 Qb5 19. Qxb5 axb5 20. Rec1 b4 21. a4 Bg5 22. f4 Bd8 23. Kf2 Bb6 24. Ke3 b3 25. Rc3 Na5 26. Nc1 Nc4+ 27. Kd3 Ba5 28. Nxb3 Nxb2+ 29. Rxb2 Bxc3 30. Ra2 b6 31. Be2 Bb4 32. Bd1 Rc3+ 33. Ke2 Rfc8 34. g3 Ba5 35. Kf2 R8c4 36. Ke2 Rb4 37. Ra3 Rxd4 0-1